000 00437nam a2200181Ia 4500
001 5247
005 20260306145854.0
008 260306t1997||||xx |||||||||||||| ||spa||
041 _aESP
082 _a338.4791
_bK77
100 _aKotler, Philip
_eAUT
245 0 _aMercadotecnia para hotelería y turismo
260 _c1997
300 _axvii, 705 páginas :
_c25 cm.
650 _aGEN
654 _aCAN
942 _cLIB
_dJUS
_fJUS
_2ddc
_n
999 _c5247
_d5247